Phương pháp phát triển trí tuệ cho trẻ em : Mầm non và tiểu học
Cung cấp những tri thức, phương thức về phát triển tâm - sinh lí trẻ mầm non, tiểu học; cách thiết lập các câu hỏi, các bài tập, tình huống và kĩ năng tổ chức trò chơi để trẻ tích cực khám phá, tương tác, trải nghiệm nhằm kích hoạt sự phát triển trí tuệ cho trẻ...
Na minha lista:
| Autor principal: | |
|---|---|
| Outros Autores: | |
| Idioma: | Undetermined |
| Publicado em: |
Hà Nội
Đại học Sư phạm
2014
|
| Assuntos: | |
| Tags: |
Adicionar Tag
Sem tags, seja o primeiro a adicionar uma tag!
|
| Thư viện lưu trữ: | Trung tâm Học liệu Trường Đại học Trà Vinh |
|---|
| LEADER | 01166nam a2200277Ia 4500 | ||
|---|---|---|---|
| 001 | TVU_23821 | ||
| 008 | 210423s9999 xx 000 0 und d | ||
| 020 | |a 9786045415528 | ||
| 041 | |a Vie | ||
| 082 | |a 372.21 | ||
| 082 | |b Kh107 | ||
| 100 | |a Nguyễn, Công Khanh | ||
| 245 | 0 | |a Phương pháp phát triển trí tuệ cho trẻ em : | |
| 245 | 0 | |b Mầm non và tiểu học | |
| 245 | 0 | |c Nguyễn Công Khanh | |
| 260 | |a Hà Nội | ||
| 260 | |b Đại học Sư phạm | ||
| 260 | |c 2014 | ||
| 300 | |a 239 tr. | ||
| 300 | |b hình vẽ | ||
| 300 | |c 21 cm | ||
| 504 | |a Thư mục: tr.235-238 | ||
| 520 | |a Cung cấp những tri thức, phương thức về phát triển tâm - sinh lí trẻ mầm non, tiểu học; cách thiết lập các câu hỏi, các bài tập, tình huống và kĩ năng tổ chức trò chơi để trẻ tích cực khám phá, tương tác, trải nghiệm nhằm kích hoạt sự phát triển trí tuệ cho trẻ | ||
| 650 | |a Giáo dục; Nuôi dạy con; Trẻ em trước tuổi đến trường; Phát triển trẻ em | ||
| 700 | |a Nguyễn Công Khanh | ||
| 980 | |a Trung tâm Học liệu Trường Đại học Trà Vinh | ||


